00956nam a2200241Ia 4500003000400000005001700004008004100021020001800062040001800080041000800098082002300106100002700129245012700156250001200283260004400295300002800339650004500367650005400412700002700466942003600493999001900529952016600548OSt20250602160254.0210716s2015 xx 000 0 und d a9788131711606 cAIMIT LIBRARY aeng a658.4092 21bPANM aPandya, Mukul.9212404 aLasting leadership: bwhat you can learn from the top 25 business people of our times /cBy Mukul pandya and Robbie Shell. a1st ed. aNew Delhi :bPearson Education ,c2015. axxi,266p. ;bPBc23 cm. aLeadership and corporate culture9212405 aUsing price to gain competitive advantage9212406 aShell, Robbie.9212407 2ddccBKe1st ed.k658.4092 PANM c210539d210539 00102ddc40708MBAaAIMITbAIMITd2018-03-14g369.00iBill no:4548; Bill dt:2018-03-12l0o658.4092 PANMpMBA13107r2026-05-23 00:00:00v276.75w2021-07-16yBK